| 000 | 01151nam a2200229Ia 4500 | ||
|---|---|---|---|
| 003 | Ost | ||
| 005 | 20260507075410.0 | ||
| 008 | 260507s9999||||xx |||||||||||||| ||und|| | ||
| 040 | _cfsecg | ||
| 041 | _aara | ||
| 082 | _a330 | ||
| 100 |
_aفتاك، على _eمؤلف |
||
| 245 | 0 |
_aتأثير المنافسة على الإلتزام بضمان سلامة المنتوج / _c على فتاك |
|
| 260 |
_aالإسكندرية: _bدار الفكر الجامعي, _c2008 |
||
| 300 |
_a601 صفحة؛ _bإيضاحات ؛ _c24 سم |
||
| 504 | _aالمراجع ص.545 | ||
| 520 | _aيضم الإلتزام بضمان سلامة المنتوج، نشأة الإلتزام بضمان سلامة المنتوج، ذاتية الإلتزام بضمان سلامة المنتوج، أعمال المنافسة في مجال الالتزام بضمان سلامة المنتوج، القواعد الوقائية لضمان سلامة المنتوج، القواعد الجزائية لضمان سلامة المنتوج | ||
| 653 | _aإدارة الإنتاج | ||
| 653 | _aالمنافسة | ||
| 653 | _aضبط الجودة | ||
| 942 | _cكتاب | ||
| 999 |
_c44385 _d44385 |
||